<?xml version="1.0" encoding="UTF-8"?>
<collection xmlns="http://www.loc.gov/MARC21/slim">
 <record>
  <leader>00474pamaa2200157   4500</leader>
  <controlfield tag="001">0000017239</controlfield>
  <controlfield tag="005">20060523090000.0</controlfield>
  <datafield tag="020" ind1="0" ind2="0">
   <subfield code="a">0861710568 </subfield>
  </datafield>
  <datafield tag="082" ind1=" " ind2=" ">
   <subfield code="a">954 WIL 1987</subfield>
  </datafield>
  <datafield tag="090" ind1="0" ind2="0">
   <subfield code="a">DS341 </subfield>
   <subfield code="b">WIL 1987</subfield>
  </datafield>
  <datafield tag="100" ind1="1" ind2="0">
   <subfield code="a">WILLIAMSON </subfield>
  </datafield>
  <datafield tag="245" ind1="1" ind2="0">
   <subfield code="a">Memoirs of a political officer's wife in Tibet, Sikkim and Bhutan  </subfield>
   <subfield code="c">Margaret D. Williamson.</subfield>
  </datafield>
  <datafield tag="260" ind1="0" ind2="0">
   <subfield code="a">London: </subfield>
   <subfield code="b">Wisdom Pub., </subfield>
   <subfield code="c">1987.</subfield>
  </datafield>
  <datafield tag="300" ind1=" " ind2=" ">
   <subfield code="a">240p.: </subfield>
   <subfield code="b">22cm.</subfield>
  </datafield>
  <datafield tag="651" ind1="0" ind2="0">
   <subfield code="a">South Asia -- </subfield>
   <subfield code="x">Politics and government </subfield>
  </datafield>
  <datafield tag="700" ind1="1" ind2="1">
   <subfield code="a">Snelling, </subfield>
   <subfield code="h">John </subfield>
  </datafield>
 </record>
</collection>
